| 000 | 00834nam a2200229Ia 4500 | ||
|---|---|---|---|
| 001 | 9308 | ||
| 003 | GE_BSU | ||
| 008 | 181216s||||||||xx |||||||||||||| ||und|| | ||
| 040 | _cGE_BSU | ||
| 080 | _a821.353.1–32 | ||
| 100 | _aლორთქიფანიძე,კონსტანტინე | ||
| 245 | _aრჩეული ნაწერები ორ ტომად. ტ.2 | ||
| 245 | _bმოთხრობები. რომანი. | ||
| 245 | _cრედ. შ.სულაბერიძე. მხატვ. ი. გურო | ||
| 260 | _aთბილისი | ||
| 260 | _bსახელგამი | ||
| 260 | _c1956 | ||
| 300 | _a344გვ.ილ.21სმ. | ||
| 653 | _aმოთხრობები. რომანი. | ||
| 653 | _aრჩეული ნაწერები | ||
| 942 | _cBK | ||
| 999 |
_c42605 _d42605 |
||